000 00326nam a22001457a 4500
003 OSt
005 20211228085848.0
008 211228b |||||||| |||| 00| 0 eng d
020 _a0321434455
040 _cHU
082 _29 th
100 _aBrookshear J. Glenn
_925596
245 _aComputer Science
942 _2ddc
_cBOOKS
_n0
999 _c24495
_d24495